5HLuxD.jpg

KING HENRY VIII SENIOR AND PRIMARY SCHOOL LIBRARY OPAC

HAMRA AND THE JUNGLE OF MEMORIES (Record no. 4977)

000 -LEADER
fixed length control field 00348nam a22001217a 4500
008 - FIXED-LENGTH DATA ELEMENTS--GENERAL INFORMATION
fixed length control field 250428b ||||| |||| 00| 0 eng d
020 ## - INTERNATIONAL STANDARD BOOK NUMBER
International Standard Book Number 9780063207950
082 ## - DEWEY DECIMAL CLASSIFICATION NUMBER
Classification number 823.92 ALK
100 ## - MAIN ENTRY--PERSONAL NAME
Personal name ALKAF,HANNA
Relator term AUTHOR
245 ## - TITLE STATEMENT
Title HAMRA AND THE JUNGLE OF MEMORIES
260 ## - PUBLICATION, DISTRIBUTION, ETC.
Place of publication, distribution, etc. 195 BROADYWAY,NEW YORK,NY 10007
Name of publisher, distributor, etc. HARPERCOLLINS CHILDREN'S BOOKS
942 ## - ADDED ENTRY ELEMENTS (KOHA)
Source of classification or shelving scheme
Holdings
Withdrawn status Lost status Source of classification or shelving scheme Damaged status Not for loan Collection code Permanent Location Current Location Shelving location Date acquired Total Checkouts Full call number Barcode Date last seen Date last checked out Price effective from Koha item type Public note
          Fiction KH8 Primary School Library KH8 Primary School Library Fiction 2025-04-28 2 823.92 ALK KHPL000006931 2026-04-15 2026-04-08 2025-04-28 Books - Fiction KH8 PRIMARY LIBRARY

Powered By KH8 IT Dept